| 000 | 01116 a2200265 4500 | ||
|---|---|---|---|
| 999 |
_c2264 _d2264 |
||
| 020 | _a0415312582 (hard cover) | ||
| 020 | _a0415312590 (paper back) | ||
| 050 | 0 | 0 | _aHM24.ABB 2005 |
| 100 | 1 | _aAbbott, Pamela. | |
| 245 | 1 | 3 |
_aAn introduction to sociology : _bfeminist perspectives / _cPamela Abbott, Claire Wallace, Melissa Tyler. |
| 250 | _a3rd ed. | ||
| 264 |
_aLondon: _bRoutledge., _c2005 |
||
| 300 | _axvii, 425 p ; | ||
| 500 | _aIncludes bibliographical references (p. 386-410) and index. | ||
| 504 | _aIncludes bibliographical references (p. 386-410) and index. | ||
| 650 | 0 | _aFeminist theory. | |
| 650 | 0 |
_aSociology _xPhilosophy. |
|
| 650 | 0 |
_aSociology _xMethodology. |
|
| 700 | 1 |
_aWallace, Claire, _d1956- |
|
| 700 | 1 |
_aTyler, Melissa, _d1971- |
|
| 856 | 4 | 1 |
_3Table of contents only _uhttp://www.loc.gov/catdir/toc/ecip052/2004025412.html |
| 856 | 4 | 2 |
_3Publisher description _uhttp://www.loc.gov/catdir/enhancements/fy0651/2004025412-d.html |
| 942 |
_2lcc _cBK _h24 _iABB _kHM |
||